Loading...
| Science - Biology | 1 | 3 | 1 | 1 | 40 | 39 | 87.00 | 1 | 3 |
| Literature - Euro Lit | 0 | 4 | 0 | 0 | 40 | 85 | 98.25 | 0 | 4 |
| Literature - British Lit | 1 | 2 | 0 | 0 | 35 | 70 | 92.67 | 2 | 2 |
| Literature - American Lit | 1 | 2 | 0 | 1 | 35 | 61 | 95.00 | 2 | 2 |
| Literature - World Lit | 0 | 3 | 0 | 0 | 30 | 92 | 103.00 | 1 | 2 |
| History - American History | 1 | 1 | 0 | 0 | 25 | 66 | 77.00 | 1 | 2 |
| Science - Chemistry | 0 | 2 | 0 | 1 | 20 | 89 | 110.00 | 0 | 2 |
| Beliefs - Religion | 0 | 2 | 0 | 0 | 20 | 101 | 102.50 | 1 | 2 |
| Other - Pop Culture | 0 | 2 | 0 | 0 | 20 | 86 | 93.00 | 1 | 2 |
| Arts - Painting | 1 | 0 | 0 | 0 | 15 | 75 | 75.00 | 0 | 1 |
| Thought - Philosophy | 0 | 2 | 1 | 1 | 15 | 94 | 102.50 | 1 | 2 |
| History - Euro History | 1 | 0 | 0 | 0 | 15 | 39 | 39.00 | 0 | 1 |
| Thought - Social Science | 0 | 1 | 0 | 0 | 10 | 101 | 101.00 | 0 | 1 |
| Beliefs - Mythology | 0 | 1 | 0 | 0 | 10 | 126 | 126.00 | 0 | 1 |
| Other - Geo/CE | 1 | 0 | 1 | 0 | 10 | 91 | 91.00 | 0 | 1 |
| Other - Other Academic | 0 | 1 | 0 | 0 | 10 | 94 | 94.00 | 0 | 1 |
| Science - Other Science | 0 | 1 | 0 | 0 | 10 | 112 | 112.00 | 0 | 0 |
| Science - Physics | 0 | 1 | 0 | 0 | 10 | 130 | 130.00 | 0 | 1 |
| Arts - Music | 0 | 1 | 0 | 0 | 10 | 86 | 86.00 | 1 | 1 |
| History - Other History | 0 | 1 | 1 | 1 | 5 | 136 | 136.00 | 0 | 0 |
| Arts - Other Arts | 0 | 0 | 0 | 0 | 0 | 0.00 | 0 | 0 | |
| History - World History | 0 | 0 | 1 | 0 | -5 | 0.00 | 0 | 0 |